Strachovanije techničeskich riskov.

Rast významu poisťovania technického rizika v západných krajinách. Platenie poistných platieb. Podmienky poistenia technického rizika u Ingosstrach-u. Objem zodpovednosti. Hodnotenie rizika a tarifikácia. Uzavretie poisťovacej zmluvy. Vzájomný vzťah zmluvných strán pri poistnej udalosti.

Na minha lista:
Detalhes bibliográficos
Autor principal: Nikologorskij, N.
Outros Autores: Protoklitov, S.
Formato: Capítulo de Livro
Idioma:russo
Assuntos:
Tags: Adicionar Tag
Sem tags, seja o primeiro a adicionar uma tag!

MARC

LEADER 00000naa a2200000 4500
001 r010548
005 20221208123227.4
041 0 |a rus 
044 |a [SU] 
245 1 0 |a Strachovanije techničeskich riskov.  |c N. Nikologorskij, S. Protoklitov 
520 |a Rast významu poisťovania technického rizika v západných krajinách. Platenie poistných platieb. Podmienky poistenia technického rizika u Ingosstrach-u. Objem zodpovednosti. Hodnotenie rizika a tarifikácia. Uzavretie poisťovacej zmluvy. Vzájomný vzťah zmluvných strán pri poistnej udalosti. 
610 2 0 |a poistenie záujmov zahraničných 
610 2 0 |a riziko 
610 2 0 |a poistenie 
610 2 0 |a riziko poistné 
610 2 0 |a technika 
610 2 0 |a práca stavebnomontážna 
610 2 0 |a zodpovednosť 
610 2 0 |a zmluvy poistné 
610 2 0 |a Ingosstrach 
610 2 0 |a Rusko 
100 1 |a Nikologorskij, N. 
700 1 |a Protoklitov, S.